History of south india : (Record no. 10259)

MARC details
000 -LEADER
fixed length control field 00576cam a2200205ua 4500
001 - CONTROL NUMBER
control field 11429
005 - DATE AND TIME OF LATEST TRANSACTION
control field 20260515114743.0
008 - FIXED-LENGTH DATA ELEMENTS--GENERAL INFORMATION
fixed length control field 190919n ii |||gr||||Z||||||eng
020 ## - INTERNATIONAL STANDARD BOOK NUMBER
International Standard Book Number 9780195606867
040 ## - CATALOGING SOURCE
Transcribing agency MAIN
041 ## - LANGUAGE CODE
Language code of text/sound track or separate title eng
082 ## - DEWEY DECIMAL CLASSIFICATION NUMBER
Classification number 954.8
100 ## - MAIN ENTRY--PERSONAL NAME
Personal name K A Nilakantha Sastri,
Relator term Author.
245 ## - TITLE STATEMENT
Title History of south india :
Remainder of title From prehistoric times to the fall of vijayanagar /
Statement of responsibility, etc. By K A Nilakanta Sastri .
250 ## - EDITION STATEMENT
Edition statement 4th ed.
260 ## - PUBLICATION, DISTRIBUTION, ETC.
Place of publication, distribution, etc. New Delhi:
Name of publisher, distributor, etc. oxford university press,
Date of publication, distribution, etc. 2017.
300 ## - PHYSICAL DESCRIPTION
Extent 481p.
653 ## - INDEX TERM--UNCONTROLLED
Uncontrolled term South Asia India
942 ## - ADDED ENTRY ELEMENTS (KOHA)
Koha item type Books
Holdings
Withdrawn status Lost status Damaged status Not for loan Home library Current library Shelving location Date acquired Total checkouts Full call number Barcode Date last seen Copy number Price effective from Koha item type
        Naharkatiya College Library Naharkatiya College Library General stacks 09/19/2020   954.8History of south india | SAS 27116 09/19/2020 1 09/19/2020 Books
        Naharkatiya College Library Naharkatiya College Library General stacks 09/19/2020   954.8History of south india | SAS 27117 09/19/2020 2 09/19/2020 Books